Mammals A-Z - Statistics

General Stats
  • This quiz has been taken 23 times
    19 since last reset
  • The average score is 13 of 24
Answer Stats
Picture Answer % Correct
Cow
87%
Antelope
80%
Elephant
80%
Giraffe
80%
Pig
80%
Rhinocerous
80%
Buffalo
73%
Jaguar
73%
Tiger
73%
Yak
67%
Liger
60%
Vampire Bat
53%
Wildebeest
53%
Fin Whale
47%
Quokka
47%
Ibex
40%
Zebu
40%
Kudu
33%
Margay
33%
Holstein
27%
Nyala
27%
Onager
27%
Dasyure
20%
Steinbok
20%
No matching quizzes found
Score Distribution
Percent of People with Each Score
Percentile by Number Answered
Your Score History
You have not taken this quiz since the last reset